|
|
|
|
| LEADER |
00000cam a2200000 a 4500 |
| 001 |
vtls010576008 |
| 003 |
SK-MaSNL |
| 005 |
20260302013147.0 |
| 008 |
240318s2014 xo a g 000 jbslo |
| 015 |
|
|
|a SNBA2014/03
|
| 020 |
|
|
|a 9788097155476
|q (viaz.)
|
| 035 |
|
|
|a E75B589E-9DB7-40FB-8B34-C6C96B7723B4
|
| 035 |
|
|
|a urn:nbn:sk:snk-aml7d5
|
| 035 |
|
|
|a urn:nbn:sk:snk-am008tpk
|
| 040 |
|
|
|a SNK
|b slo
|c SNK
|e AACR2
|
| 041 |
0 |
|
|a slo
|
| 043 |
|
|
|a e-xo---
|
| 044 |
|
|
|a xo
|c SK
|
| 072 |
|
7 |
|a 821.162.4-3
|x Slovenská próza
|2 konspekt
|
| 072 |
|
7 |
|a 271/279
|x Kresťanské cirkvi, sekty, denominácie
|2 konspekt
|
| 072 |
|
7 |
|a 929
|x Biografie
|2 konspekt
|
| 080 |
|
|
|a 821.162.4-32
|2 2001
|
| 080 |
|
|
|a (0:82-322.6)
|2 2001
|
| 080 |
|
|
|a 272-726.3
|2 2001
|
| 080 |
|
|
|a 929
|2 2001
|
| 100 |
1 |
|
|a Kováč Adamov, Štefan,
|d 1957-
|4 aut
|9 160502
|
| 245 |
1 |
0 |
|a Pamäť srdca
|b príbehy všedných dní
|c Štefan Kováč Adamov ; [fotografie Peter Kráľ]
|
| 246 |
3 |
0 |
|a Príbehy všedných dní
|
| 250 |
|
|
|a 1. vyd.
|
| 260 |
|
|
|a [Rybník nad Hronom]
|b Štefan Kováč Adamov
|c 2014
|
| 300 |
|
|
|a 176 s.
|b ilustr., fotogr.
|c 22 cm
|
| 500 |
|
|
|a Miesto vyd. podľa ISBN
|
| 500 |
|
|
|a Staré kresby v knihe sú z Missale Romanum, A.D. MDCCCCXI
|
| 504 |
|
|
|a Bibliogr. aut.
|
| 600 |
1 |
7 |
|a Kováč Adamov, Štefan,
|d 1957-
|2 SNKMA
|9 160502
|
| 648 |
|
7 |
|a 20.-21. stor.
|2 SNKPH
|9 270701
|
| 648 |
|
7 |
|a 20th-21st centuries
|2 SNKPHeng
|9 285312
|
| 650 |
0 |
7 |
|a katolícki kňazi
|z Slovensko
|2 SNKPH
|9 338950
|
| 650 |
0 |
7 |
|a Catholic priests
|z Slovakia
|2 SNKPHeng
|9 340005
|
| 655 |
|
7 |
|a slovenské príbehy
|2 SNKPH
|9 70494
|
| 655 |
|
7 |
|a autobiografické príbehy
|2 SNKPH
|9 70622
|
| 655 |
|
7 |
|a Slovak stories
|2 SNKPHeng
|9 277112
|
| 655 |
|
7 |
|a Autobiographical stories
|2 SNKPHeng
|9 302869
|
| 700 |
1 |
|
|a Kráľ, Peter
|4 pht
|9 12898
|
| 852 |
|
|
|a Štátna vedecká knižnica v Banskej Bystrici
|
| 919 |
|
|
|a 978-80-971554-7-6
|
| 958 |
|
|
|a BX
|
| 958 |
|
|
|a LX
|
| 958 |
|
|
|a NT
|
| 999 |
|
|
|c 1011925
|d 1013855
|
| 952 |
|
|
|a SNK
|b SNK
|y PREZ
|7 0
|p 17A1104520
|o snkSC 158216
|i snk2014/4597
|8 0
|0 0
|1 0
|4 0
|d 2014-02-17
|f 1
|l 0
|r 2025-08-20 00:00:00
|w 2026-02-24
|
| 952 |
|
|
|a SNK
|b SNK
|y VYP
|7 0
|p 17A1104521
|o snkSC 158216 D1
|i snk2014/4598
|8 0
|0 0
|1 0
|4 0
|d 2014-02-17
|l 0
|r 2026-02-24 12:56:38
|w 2026-02-24
|